| 000 | 00756cam a2200217 4500 | ||
|---|---|---|---|
| 001 | WB3546-05B | ||
| 008 | 000000n1999 000 0 eng u | ||
| 035 | _a(Sirsi) u102372 | ||
| 245 | _aClients told to pick contractors on merit | ||
| 260 | _c1999 | ||
| 490 |
_aContract Journal _v401(6252) 17 November 1999, 1(1) |
||
| 520 | _aThe Tavistock Institute, part of the "Building down barriers" pilot scheme, has emphasised the need for contractors to be appointed on the basis of merit rather than on the lowest price. | ||
| 590 | _aWB | ||
| 650 | _aPRIME CONTRACTING | ||
| 650 | _aCOSTING | ||
| 650 | _aTENDERS | ||
| 650 | _aCONTRACTORS | ||
| 650 | _aBUILDING DOWN BARRIERS | ||
| 690 | _aBUILT ENVIRONMENT-BUILDING CONTRACT FORMS | ||
| 942 | _n0 | ||
| 999 |
_c61393 _d61393 |
||